Libertad de elegir (Record no. 4468)

MARC details
000 -CABECERA
campo de control de longitud fija 02937nam a22002657a 4500
008 - DATOS DE LONGITUD FIJA--INFORMACIÓN GENERAL
campo de control de longitud fija 250121b |||||||| |||| 00| 0 eng d
020 ## - NÚMERO INTERNACIONAL ESTÁNDAR DEL LIBRO
Número Internacional Estándar del Libro 9788496729155
040 ## - FUENTE DE LA CATALOGACIÓN
Centro/agencia transcriptor tbs
041 ## - CÓDIGO DE LENGUA
Código de lengua del texto/banda sonora o título independiente spa
041 ## - CÓDIGO DE LENGUA
Código de lengua original eng
050 ## - SIGNATURA TOPOGRÁFICA DE LA BIBLIOTECA DEL CONGRESO
Número de clasificación HB501
Número de documento/Ítem .F7518 2008
100 ## - ENTRADA PRINCIPAL--NOMBRE DE PERSONA
Nombre de persona Friedman, Milton
Fechas asociadas al nombre 1912-2006
9 (RLIN) 24566
Término indicativo de función/relación author
240 ## - TÍTULO UNIFORME
Título uniforme Free to choose.
Lenguaje de la obra Spanish.
245 ## - MENCIÓN DE TÍTULO
Título Libertad de elegir
Mención de responsabilidad, etc. / Milton Friedman, Rose Friedman ; translated by Carlos Rocha Pujol.
260 ## - PUBLICACIÓN, DISTRIBUCIÓN, ETC.
Lugar de publicación, distribución, etc. Madrid :
Nombre del editor, distribuidor, etc. Editorial Fundación FAES,
Fecha de publicación, distribución, etc. 2008.
300 ## - DESCRIPCIÓN FÍSICA
Extensión 485 pages ; 24 cm.
520 ## - SUMARIO, ETC.
Sumario, etc. Libertad de elegir es más que reeditar un clásico. Es un homenaje a la sencillez y a la eficacia con las que Milton Friedman explicaba y defendía las mejores ideas, que son las ideas de la libertad. Es una invitación a las generaciones más jóvenes a conocer, sin intermediarios ni prejuicios, cómo y por qué Friedman argumenta que «la libertad garantiza la posibilidad de que los desfavorecidos de hoy sean los privilegiados de mañana». Reeditar Libertad de elegir significa también compartir con Friedman afirmaciones como la siguiente: «Nuestra sociedad es lo que hacemos de ella. Podemos diseñar nuestras instituciones. Nada nos impide, si lo deseamos, edificar una sociedad que preserve y estimule la libertad humana, que sepa mantener el lugar del Estado, y convertirlo en nuestro servidor y no en nuestro amo». Esta reedición es también un tributo a quien explicó, mejor que nadie, los errores en política económica que llevaron a la Gran Depresión; y a quien ofreció medidas atrevidas a favor de los más débiles como el impuesto negativo sobre la renta o el bono escolar.
520 ## - SUMARIO, ETC.
Sumario, etc. Freedom to Choose is more than a reissue of a classic. It is a tribute to the simplicity and effectiveness with which Milton Friedman explained and defended the best ideas—the ideas of freedom. It is an invitation to younger generations to discover, without intermediaries or prejudice, how and why Friedman argues that "freedom ensures the possibility for today's disadvantaged to become tomorrow's privileged."<br/><br/>Reissuing Freedom to Choose also means sharing Friedman's assertions, such as: "Our society is what we make of it. We can design our institutions. Nothing prevents us, if we so desire, from building a society that preserves and fosters human freedom, one that knows how to keep the role of the State in check, making it our servant rather than our master."<br/><br/>This reissue is also a tribute to the man who explained, better than anyone, the economic policy mistakes that led to the Great Depression; and who proposed bold measures in favor of the most vulnerable, such as the negative income tax and school vouchers.
650 #0 - PUNTO DE ACCESO ADICIONAL DE MATERIA--TÉRMINO DE MATERIA
Término de materia o nombre geográfico como elemento de entrada Capitalism
9 (RLIN) 5206
650 #0 - PUNTO DE ACCESO ADICIONAL DE MATERIA--TÉRMINO DE MATERIA
Término de materia o nombre geográfico como elemento de entrada Welfare state
9 (RLIN) 24567
650 #0 - PUNTO DE ACCESO ADICIONAL DE MATERIA--TÉRMINO DE MATERIA
Término de materia o nombre geográfico como elemento de entrada Industrial policy
9 (RLIN) 4115
700 ## - ENTRADA AGREGADA--NOMBRE PERSONAL
Nombre de persona Friedman, Rose D.
9 (RLIN) 24568
Término indicativo de función/relación author
700 ## - ENTRADA AGREGADA--NOMBRE PERSONAL
Nombre de persona Rocha Pujol, Carlos
9 (RLIN) 24569
Término indicativo de función/relación translator
942 ## - ELEMENTOS DE ENTRADA AGREGADA (KOHA)
Fuente del sistema de clasificación o colocación Clasificación de Library of Congress
Holdings
Estado de retiro Estado de pérdida Fuente del sistema de clasificación o colocación Estado dañado No para préstamo Biblioteca de origen Biblioteca actual Fecha de adquisición Total de préstamos Signatura topográfica completa Código de barras Fecha visto por última vez Número de copia Precio válido a partir de Tipo de ítem Koha
    Clasificación de Library of Congress     TBS Barcelona TBS Barcelona 21/01/2025   HB501 FRI B02566 21/01/2025 1 21/01/2025 Book

Powered by Koha